[Event "US Amateur Team West Championship"]
[Site "chess24.com"]
[Date "2020.02.17"]
[Round "5"]
[White "Vidyarthi, Omya"]
[Black "Doyle, Bryon"]
[Result "0-1"]
[Board "4"]
[WhiteFideId "30931665"]
[WhiteTitle "WCM"]
[WhiteElo "1670"]
[WhiteCountry "USA"]
[WhiteEloChange "-2"]
[BlackFideId "2053136"]
[BlackElo "2043"]
[BlackCountry "USA"]
[BlackEloChange "2"]

1. d4 {[%clk 2:00:00]} c5 {[%clk 1:58:56]} 2. d5 {[%clk 1:59:35]} Nf6 {[%clk
1:58:55]} 3. Nc3 {[%clk 1:58:34]} d6 {[%clk 1:58:48]} 4. e4 {[%clk 1:57:38]} g6
{[%clk 1:58:47]} 5. f4 {[%clk 1:56:21]} Bg7 {[%clk 1:58:44]} 6. Nf3 {[%clk
1:55:31]} O-O {[%clk 1:58:37]} 7. Be2 {[%clk 1:54:59]} Bg4 {[%clk 1:56:47]} 8.
O-O {[%clk 1:53:11]} Na6 {[%clk 1:54:52]} 9. Be3 {[%clk 1:50:59]} Nc7 {[%clk
1:54:12]} 10. h3 {[%clk 1:49:40]} Bxf3 {[%clk 1:54:07]} 11. Bxf3 {[%clk 1:49:27]}
b5 {[%clk 1:51:40]} 12. Qd3 {[%clk 1:43:26]} c4 {[%clk 1:43:38]} 13. Qd2 {[%clk
1:42:18]} Nd7 {[%clk 1:40:05]} 14. Bd4 {[%clk 1:38:58]} Bxd4+ {[%clk 1:35:15]}
15. Qxd4 {[%clk 1:38:58]} Qb8 {[%clk 1:22:07]} 16. Kh2 {[%clk 1:29:47]} Qb6
{[%clk 1:21:51]} 17. Ne2 {[%clk 1:27:13]} Nc5 {[%clk 1:05:54]} 18. b3 {[%clk
1:21:29]} cxb3 {[%clk 1:00:39]} 19. cxb3 {[%clk 1:21:13]} b4 {[%clk 1:00:13]} 20.
Rfc1 {[%clk 1:15:53]} a5 {[%clk 0:56:13]} 21. Qc4 {[%clk 1:08:18]} Nb5 {[%clk
0:54:40]} 22. Nd4 {[%clk 1:07:19]} Nxd4 {[%clk 0:49:04]} 23. Qxd4 {[%clk
0:00:13]} Rfc8 {[%clk 0:46:32]} 24. Rc4 {[%clk 1:02:52]} Nd7 {[%clk 0:40:04]} 25.
Rd1 {[%clk 0:58:43]} Qxd4 {[%clk 0:37:01]} 26. Rdxd4 {[%clk 0:58:29]} Nb6 {[%clk
0:32:42]} 27. Rc6 {[%clk 0:57:16]} e5 {[%clk 0:21:44]} 28. fxe5 {[%clk 0:56:23]}
dxe5 {[%clk 0:21:43]} 29. Rd2 {[%clk 0:55:11]} Rxc6 {[%clk 0:19:51]} 30. dxc6
{[%clk 0:55:10]} Rc8 {[%clk 0:19:12]} 31. Rc2 {[%clk 0:54:33]} f6 {[%clk
0:14:16]} 32. Rc5 {[%clk 0:53:29]} a4 {[%clk 0:13:07]} 33. Be2 {[%clk 0:52:57]}
axb3 {[%clk 0:12:47]} 34. axb3 {[%clk 0:52:56]} Kf7 {[%clk 0:11:42]} 35. Ba6
{[%clk 0:52:15]} Rc7 {[%clk 0:11:21]} 36. Bb7 {[%clk 0:51:48]} Nc8 {[%clk
0:10:13]} 37. Rd5 {[%clk 0:51:03]} Na7 {[%clk 0:09:11]} 38. Rc5 {[%clk 0:50:11]}
Ke7 {[%clk 0:08:04]} 39. Rc4 {[%clk 0:49:12]} Kd6 {[%clk 0:06:16]} 40. Rxb4
{[%clk 0:48:38]} Nxc6 {[%clk 0:05:43]} 41. Bxc6 {[%clk 0:47:56]} Rxc6 {[%clk
0:03:37]} 42. Rb7 {[%clk 0:47:09]} h5 {[%clk 0:00:43]} 43. Kg3 {[%clk 0:46:19]}
f5 {[%clk 0:26:11]} 44. Rg7 {[%clk 1:14:34]} Kc5 {[%clk 0:21:47]} 45. exf5 {[%clk
1:14:03]} gxf5 {[%clk 0:21:35]} 46. Rg5 {[%clk 1:14:00]} f4+ {[%clk 0:21:11]} 47.
Kf3 {[%clk 1:13:52]} Kd4 {[%clk 0:21:04]} 48. g3 {[%clk 1:11:36]} Rc3+ {[%clk
0:20:31]} 49. Kf2 {[%clk 1:11:32]} f3 {[%clk 0:18:32]} 50. Rg8 {[%clk 1:08:19]}
Rxb3 {[%clk 0:17:56]} 51. Rd8+ {[%clk 1:07:49]} Ke4 {[%clk 0:17:48]} 52. Rd2
{[%clk 1:07:31]} h4 {[%clk 0:15:59]} 53. Ra2 {[%clk 1:05:38]} hxg3+ {[%clk
0:15:52]} 54. Kxg3 {[%clk 1:05:36]} Ke3 {[%clk 0:14:50]} 55. h4 {[%clk 1:04:19]}
e4 {[%clk 0:12:01]} 56. h5 {[%clk 1:03:40]} Rb6 {[%clk 0:11:19]} 57. Ra3+ {[%clk
1:02:55]} Kd4 {[%clk 0:11:10]} 58. Ra4+ {[%clk 1:02:52]} Ke5 {[%clk 0:11:00]} 59.
Ra5+ {[%clk 1:02:16]} Kf6 {[%clk 0:10:51]} 60. Ra4 {[%clk 1:02:05]} Re6 {[%clk
0:10:48]} 61. Ra1 {[%clk 1:00:45]} Kg5 {[%clk 0:10:33]} 62. Rh1 {[%clk 0:59:29]}
Rf6 {[%clk 0:10:29]} 63. Kf2 {[%clk 0:58:13]} Rh6 {[%clk 0:09:26]} 64. Ke3 {[%clk
0:55:25]} Rxh5 {[%clk 0:07:02]} 65. Rg1+ {[%clk 0:55:10]} Kf5 {[%clk 0:06:23]}
66. Rg8 {[%clk 0:54:28]} Rh6 {[%clk 0:05:52]} 67. Rb8 {[%clk 0:54:09]} Re6 {[%clk
0:05:37]} 68. Rf8+ {[%clk 0:53:57]} Ke5 {[%clk 0:05:33]} 69. Ra8 {[%clk 0:53:56]}
Rf6 {[%clk 0:04:32]} 70. Ra5+ {[%clk 0:52:56]} Ke6 {[%clk 0:04:30]} 71. Ra2
{[%clk 0:52:23]} Kf5 {[%clk 0:04:17]} 72. Ra1 {[%clk 0:51:01]} Kg4 {[%clk
0:03:51]} 73. Kf2 {[%clk 0:45:05]} Kf4 {[%clk 0:03:45]} 74. Ra4 {[%clk 0:45:01]}
Rb6 {[%clk 0:03:45]} 75. Rc4 {[%clk 0:44:32]} Rb2+ {[%clk 0:03:45]} 76. Kf1
{[%clk 0:44:24]} f2 {[%clk 0:03:45]} 77. Rc8 {[%clk 0:44:11]} Rd2 {[%clk
0:03:07]} 78. Rf8+ {[%clk 0:43:55]} Ke3 {[%clk 0:03:07]} 79. Rf3+ {[%clk
0:43:38]} Kd4 {[%clk 0:02:43]} 80. Rf8 {[%clk 0:42:43]} e3 {[%clk 0:02:43]} 81.
Rd8+ {[%clk 0:42:05]} Kc3 {[%clk 0:02:43]} 82. Rc8+ {[%clk 0:41:30]} Kb2 {[%clk
0:02:43]} 83. Kg2 {[%clk 0:40:50]} Rd1 {[%clk 0:02:39]} 84. Rf8 {[%clk 0:40:16]}
Kc2 {[%clk 0:02:36]} 85. Rf3 {[%clk 0:39:41]} Kd2 {[%clk 0:02:16]} 86. Rf8 {[%clk
0:39:29]} Ke2 {[%clk 0:02:05]} 0-1

[Event "US Amateur Team West Championship"]
[Site "chess24.com"]
[Date "2020.02.17"]
[Round "5"]
[White "Bick, Gabriel James Koop"]
[Black "Dean, Jim"]
[Result "1-0"]
[Board "1"]
[WhiteFideId "2084058"]
[WhiteElo "2397"]
[WhiteCountry "USA"]
[WhiteEloChange "5"]
[BlackFideId "2012340"]
[BlackTitle "FM"]
[BlackElo "2208"]
[BlackCountry "USA"]
[BlackEloChange "-5"]

1. e4 {[%clk 2:00:00]} c6 {[%clk 1:56:58]} 2. Nc3 {[%clk 1:59:57]} d5 {[%clk
1:56:23]} 3. Nf3 {[%clk 1:59:53]} dxe4 {[%clk 1:55:41]} 4. Nxe4 {[%clk 1:59:48]}
Nf6 {[%clk 1:55:36]} 5. Qe2 {[%clk 1:59:45]} Nxe4 {[%clk 1:53:45]} 6. Qxe4 {[%clk
1:59:40]} Qd5 {[%clk 1:43:07]} 7. Qf4 {[%clk 1:59:21]} Qf5 {[%clk 1:41:56]} 8.
Qe3 {[%clk 1:59:12]} Qe6 {[%clk 1:39:32]} 9. b3 {[%clk 1:58:45]} Qxe3+ {[%clk
1:38:18]} 10. fxe3 {[%clk 1:58:45]} Bf5 {[%clk 1:38:01]} 11. Bb2 {[%clk 1:58:33]}
Nd7 {[%clk 1:37:12]} 12. O-O-O {[%clk 1:56:52]} e6 {[%clk 1:33:34]} 13. Be2
{[%clk 1:52:18]} Be7 {[%clk 1:27:22]} 14. Rhg1 {[%clk 1:46:35]} Bf6 {[%clk
1:19:03]} 15. g4 {[%clk 1:38:36]} Bxb2+ {[%clk 1:13:25]} 16. Kxb2 {[%clk
1:38:36]} Be4 {[%clk 1:09:04]} 17. Ng5 {[%clk 1:33:29]} Bg6 {[%clk 1:05:56]} 18.
h4 {[%clk 1:29:59]} h5 {[%clk 0:51:17]} 19. gxh5 {[%clk 1:28:20]} Bxh5 {[%clk
0:51:16]} 20. Bxh5 {[%clk 1:27:47]} Rxh5 {[%clk 0:51:15]} 21. Rdf1 {[%clk
1:27:30]} Nf6 {[%clk 0:43:53]} 22. Nxe6 {[%clk 1:26:59]} fxe6 {[%clk 0:43:53]}
23. Rxf6 {[%clk 1:26:44]} gxf6 {[%clk 0:43:37]} 24. Rg8+ {[%clk 1:26:38]} Kd7
{[%clk 0:39:45]} 25. Rxa8 {[%clk 1:26:38]} Rxh4 {[%clk 0:26:18]} 26. Rxa7 {[%clk
1:24:51]} Kc7 {[%clk 0:25:52]} 27. Ra8 {[%clk 1:23:37]} b5 {[%clk 0:14:56]} 28.
Kc3 {[%clk 1:18:55]} Kd6 {[%clk 0:14:24]} 29. Rd8+ {[%clk 1:14:27]} Kc7 {[%clk
0:08:20]} 30. Rf8 {[%clk 1:12:27]} f5 {[%clk 0:08:03]} 31. a3 {[%clk 1:10:18]}
Kd6 {[%clk 0:06:34]} 32. Rf7 {[%clk 1:00:55]} Rg4 {[%clk 0:05:52]} 33. d4 {[%clk
0:52:05]} Rg1 {[%clk 0:04:11]} 34. Kd2 {[%clk 0:47:38]} Rg2+ {[%clk 0:02:21]} 35.
Kd3 {[%clk 0:47:38]} Rg1 {[%clk 0:02:11]} 36. Ra7 {[%clk 0:39:06]} Rd1+ {[%clk
0:01:01]} 37. Ke2 {[%clk 0:36:10]} Rg1 {[%clk 0:00:07]} 38. a4 {[%clk 0:21:48]}
bxa4 {[%clk 0:00:07]} 39. bxa4 {[%clk 0:21:44]} Ra1 {[%clk 0:00:04]} 40. Ra5
{[%clk 0:17:21]} Ra2 {[%clk 0:00:04]} 41. Kd2 {[%clk 0:17:00]} Ra3 {[%clk
0:29:25]} 42. c3 {[%clk 0:43:30]} Ra1 {[%clk 0:23:26]} 43. Kc2 {[%clk 0:37:41]}
Re1 {[%clk 0:18:17]} 44. Re5 {[%clk 0:35:57]} c5 {[%clk 0:17:32]} 45. Rxc5 {[%clk
0:33:19]} Rxe3 {[%clk 0:17:26]} 46. Kd2 {[%clk 0:33:08]} Rg3 {[%clk 0:15:40]} 47.
a5 {[%clk 0:31:29]} Rg2+ {[%clk 0:14:54]} 48. Ke3 {[%clk 0:30:29]} Ra2 {[%clk
0:14:23]} 49. Kf4 {[%clk 0:29:08]} Rf2+ {[%clk 0:09:14]} 50. Ke3 {[%clk 0:27:47]}
Ra2 {[%clk 0:09:14]} 51. Rb5 {[%clk 0:27:32]} Ra3 {[%clk 0:08:25]} 52. Kd3 {[%clk
0:23:31]} f4 {[%clk 0:07:50]} 53. Ke4 {[%clk 0:16:44]} Rxc3 {[%clk 0:07:38]} 54.
Rb6+ {[%clk 0:16:37]} Kd7 {[%clk 0:07:08]} 55. Kxf4 {[%clk 0:16:03]} Ra3 {[%clk
0:07:01]} 56. a6 {[%clk 0:15:16]} Ra1 {[%clk 0:05:58]} 57. Ke3 {[%clk 0:12:29]}
Ra3+ {[%clk 0:05:04]} 58. Kd2 {[%clk 0:10:52]} Ra1 {[%clk 0:04:22]} 59. Kc3
{[%clk 0:10:24]} Ra4 {[%clk 0:03:46]} 60. Kb3 {[%clk 0:09:15]} Ra1 {[%clk
0:03:41]} 61. Kc3 {[%clk 0:04:55]} Ra4 {[%clk 0:03:39]} 62. Kd3 {[%clk 0:02:43]}
Ra1 {[%clk 0:03:31]} 63. Rb7+ {[%clk 0:01:33]} Kd6 {[%clk 0:02:27]} 64. a7 {[%clk
0:01:00]} Kc6 {[%clk 0:01:57]} 65. Rh7 {[%clk 0:00:49]} Kd6 {[%clk 0:01:45]} 66.
Kc4 {[%clk 0:00:41]} Kc6 {[%clk 0:01:27]} 67. Rg7 {[%clk 0:00:40]} Ra4+ {[%clk
0:01:20]} 68. Kb3 {[%clk 0:00:40]} Ra1 {[%clk 0:01:20]} 69. Rh7 {[%clk 0:00:40]}
Ra6 {[%clk 0:00:26]} 70. Re7 {[%clk 0:00:37]} Kd6 {[%clk 0:00:22]} 71. Rf7 {[%clk
0:00:37]} Kc6 {[%clk 0:00:14]} 72. Kb4 {[%clk 0:00:37]} Ra1 {[%clk 0:00:10]} 73.
Re7 {[%clk 0:00:37]} Kd6 {[%clk 0:00:05]} 74. Rb7 {[%clk 0:00:37]} Kc6 {[%clk
0:00:04]} 75. Rg7 {[%clk 0:00:24]} Rb1+ {[%clk 0:00:04]} 76. Ka3 {[%clk 0:00:24]}
Ra1+ {[%clk 0:00:04]} 77. Kb2 {[%clk 0:00:24]} Ra6 {[%clk 0:00:04]} 78. Kb3
{[%clk 0:00:24]} Ra1 {[%clk 0:00:04]} 79. Kc2 {[%clk 0:00:24]} Kd6 {[%clk
0:00:04]} 80. Kd3 {[%clk 0:00:24]} Ra3+ {[%clk 0:00:04]} 81. Kc4 {[%clk 0:00:24]}
Kc6 {[%clk 0:00:04]} 82. Kb4 {[%clk 0:00:24]} Ra1 {[%clk 0:00:04]} 83. Rh7 {[%clk
0:00:24]} Rb1+ {[%clk 0:00:04]} 84. Kc4 {[%clk 0:00:24]} Rc1+ {[%clk 0:00:04]}
85. Kd3 {[%clk 0:00:24]} Ra1 {[%clk 0:00:04]} 86. Ke4 {[%clk 0:00:24]} Kd6 {[%clk
0:00:04]} 87. Rb7 {[%clk 0:00:24]} Re1+ {[%clk 0:00:04]} 88. Kd3 {[%clk 0:00:24]}
Ra1 {[%clk 0:00:04]} 89. Kc4 {[%clk 0:00:24]} Kc6 {[%clk 0:00:04]} 90. Rf7 {[%clk
0:00:24]} Ra4+ {[%clk 0:00:04]} 91. Kb3 {[%clk 0:00:24]} Ra1 {[%clk 0:00:04]} 92.
Kc2 {[%clk 0:00:24]} Ra6 {[%clk 0:00:04]} 93. Kd3 {[%clk 0:00:24]} Kd6 {[%clk
0:00:04]} 94. Kc4 {[%clk 0:00:24]} Kc6 {[%clk 0:00:04]} 95. Re7 {[%clk 0:00:24]}
Kd6 {[%clk 0:00:04]} 96. Kb5 {[%clk 0:00:24]} Ra1 {[%clk 0:00:04]} 97. Rh7 {[%clk
0:00:24]} Ra2 {[%clk 0:00:01]} 98. Kb6 {[%clk 0:00:24]} Rb2+ {[%clk 0:00:01]} 99.
Ka6 {[%clk 0:00:24]} Ra2+ {[%clk 0:00:01]} 100. Kb7 {[%clk 0:00:24]} Rb2+ {[%clk
0:00:01]} 101. Kc8 {[%clk 0:00:24]} Ra2 {[%clk 0:00:01]} 102. Kb8 {[%clk
0:00:24]} Rb2+ {[%clk 0:00:01]} 103. Rb7 {[%clk 0:00:24]} Rh2 {[%clk 0:00:01]}
104. a8Q {[%clk 0:00:14]} Rh8+ {[%clk 0:00:01]} 105. Ka7 {[%clk 0:00:14]} 1-0

[Event "US Amateur Team West Championship"]
[Site "chess24.com"]
[Date "2020.02.17"]
[Round "5"]
[White "Cooklev, Steven"]
[Black "Jirasek, Ladia"]
[Result "1/2-1/2"]
[Board "2"]
[WhiteFideId "2050552"]
[WhiteElo "2084"]
[WhiteCountry "USA"]
[WhiteEloChange "7"]
[BlackFideId "2094398"]
[BlackTitle "IM"]
[BlackElo "2383"]
[BlackCountry "USA"]
[BlackEloChange "-7"]

1. e4 {[%clk 1:58:55]} c5 {[%clk 2:00:00]} 2. Nf3 {[%clk 1:58:55]} g6 {[%clk
2:00:00]} 3. c3 {[%clk 1:58:53]} Bg7 {[%clk 2:00:00]} 4. d4 {[%clk 1:58:53]} cxd4
{[%clk 2:00:00]} 5. cxd4 {[%clk 1:58:52]} d5 {[%clk 2:00:00]} 6. e5 {[%clk
1:58:50]} Bg4 {[%clk 2:00:00]} 7. Bb5+ {[%clk 1:58:47]} Nd7 {[%clk 2:00:00]} 8.
O-O {[%clk 1:56:05]} e6 {[%clk 1:57:40]} 9. Nbd2 {[%clk 1:54:05]} Ne7 {[%clk
1:56:05]} 10. h3 {[%clk 1:53:09]} Bxf3 {[%clk 1:55:57]} 11. Nxf3 {[%clk 1:53:08]}
a6 {[%clk 1:55:42]} 12. Bd3 {[%clk 1:48:11]} Nc6 {[%clk 1:54:24]} 13. Re1 {[%clk
1:35:38]} O-O {[%clk 1:51:50]} 14. Qe2 {[%clk 1:27:46]} Qb6 {[%clk 1:48:26]} 15.
Be3 {[%clk 1:27:39]} Rac8 {[%clk 1:41:28]} 16. Rad1 {[%clk 1:26:41]} Rc7 {[%clk
1:31:28]} 17. Bb1 {[%clk 1:23:43]} Rfc8 {[%clk 1:25:20]} 18. Nh2 {[%clk 1:19:36]}
f5 {[%clk 1:09:46]} 19. exf6 {[%clk 1:19:00]} Nxf6 {[%clk 1:09:14]} 20. Nf3
{[%clk 1:13:04]} Re7 {[%clk 1:05:33]} 21. Ne5 {[%clk 0:58:45]} Ree8 {[%clk
0:57:03]} 22. h4 {[%clk 0:55:30]} Qc7 {[%clk 0:51:06]} 23. Rc1 {[%clk 0:24:23]}
Nxd4 {[%clk 0:38:56]} 24. Bxd4 {[%clk 0:24:21]} Qxc1 {[%clk 0:38:52]} 25. Rxc1
{[%clk 0:24:21]} Rxc1+ {[%clk 0:38:52]} 26. Kh2 {[%clk 0:24:21]} Rxb1 {[%clk
0:38:52]} 27. Qc2 {[%clk 0:24:21]} Re1 {[%clk 0:38:52]} 28. Qe2 {[%clk 0:00:55]}
Rb1 {[%clk 0:38:34]} 29. Qc2 {[%clk 0:23:57]} Re1 {[%clk 0:37:11]} 30. Be3 {[%clk
0:16:00]} d4 {[%clk 0:22:30]} 31. Qd2 {[%clk 0:13:34]} Nd5 {[%clk 0:20:41]} 32.
Qxe1 {[%clk 0:13:08]} Bxe5+ {[%clk 0:20:14]} 33. f4 {[%clk 0:12:58]} Nxf4 {[%clk
0:03:40]} 34. Bxf4 {[%clk 0:12:50]} Bxf4+ {[%clk 0:16:52]} 35. g3 {[%clk
0:12:50]} Be3 {[%clk 0:16:04]} 36. Qd1 {[%clk 0:12:06]} Re7 {[%clk 0:14:41]} 37.
h5 {[%clk 0:09:12]} e5 {[%clk 0:12:55]} 38. hxg6 {[%clk 0:08:36]} hxg6 {[%clk
0:12:45]} 39. Qg4 {[%clk 0:08:36]} Kg7 {[%clk 0:11:14]} 40. Qe4 {[%clk 0:08:33]}
Kf6 {[%clk 0:08:03]} 41. a4 {[%clk 0:08:02]} Bc1 {[%clk 0:04:54]} 42. b4 {[%clk
0:06:47]} Rd7 {[%clk 0:02:59]} 43. Qh4+ {[%clk 0:25:14]} Kg7 {[%clk 0:26:44]} 44.
Qe4 {[%clk 0:25:01]} d3 {[%clk 0:23:56]} 45. Qxe5+ {[%clk 0:24:23]} Kf7 {[%clk
0:23:47]} 46. Qh8 {[%clk 0:20:50]} d2 {[%clk 0:20:49]} 47. Qh7+ {[%clk 0:20:50]}
Ke6 {[%clk 0:20:02]} 48. Qxg6+ {[%clk 0:20:31]} Ke7 {[%clk 0:18:39]} 49. Qg5+
{[%clk 0:19:19]} Kf8 {[%clk 0:15:23]} 50. Qf6+ {[%clk 0:14:34]} Ke8 {[%clk
0:14:40]} 51. Qh8+ {[%clk 0:14:31]} Kf7 {[%clk 0:13:35]} 52. Qh7+ {[%clk
0:14:26]} Ke8 {[%clk 0:13:35]} 53. Qh8+ {[%clk 0:14:23]} Ke7 {[%clk 0:12:37]} 54.
Qh4+ {[%clk 0:14:23]} Kf7 {[%clk 0:12:07]} 55. Qh7+ {[%clk 0:14:23]} Ke6 {[%clk
0:11:44]} 56. Qe4+ {[%clk 0:13:53]} Kd6 {[%clk 0:10:38]} 57. Qf4+ {[%clk
0:13:53]} Ke6 {[%clk 0:09:09]} 58. Qe4+ {[%clk 0:13:51]} Kf6 {[%clk 0:08:43]} 59.
Qf4+ {[%clk 0:13:41]} Ke7 {[%clk 0:08:43]} 60. Qh4+ {[%clk 0:13:29]} Kf8 {[%clk
0:08:16]} 61. Qh8+ {[%clk 0:13:11]} 1/2-1/2

[Event "US Amateur Team West Championship"]
[Site "chess24.com"]
[Date "2020.02.17"]
[Round "5"]
[White "Taghizadeh, Rayan"]
[Black "Langreck, John"]
[Result "1-0"]
[Board "3"]
[WhiteFideId "2054019"]
[WhiteTitle "FM"]
[WhiteElo "2311"]
[WhiteCountry "USA"]
[WhiteEloChange "6"]
[BlackFideId "2003350"]
[BlackElo "2161"]
[BlackCountry "USA"]
[BlackEloChange "-6"]

1. d4 {[%clk 1:43:28]} Nf6 {[%clk 1:59:55]} 2. Bf4 {[%clk 1:43:05]} d5 {[%clk
1:57:09]} 3. e3 {[%clk 1:42:40]} c5 {[%clk 1:56:51]} 4. Nf3 {[%clk 1:41:42]} cxd4
{[%clk 1:53:20]} 5. exd4 {[%clk 1:40:14]} Bg4 {[%clk 1:44:02]} 6. Nbd2 {[%clk
1:35:30]} e6 {[%clk 1:38:32]} 7. c3 {[%clk 1:27:40]} Bd6 {[%clk 1:31:49]} 8. Be3
{[%clk 1:26:28]} Nc6 {[%clk 1:31:04]} 9. h3 {[%clk 1:25:44]} Bh5 {[%clk 1:30:02]}
10. Be2 {[%clk 1:24:02]} O-O {[%clk 1:28:58]} 11. O-O {[%clk 1:24:01]} Qc7 {[%clk
1:26:40]} 12. Ne1 {[%clk 1:23:29]} Bxe2 {[%clk 1:25:39]} 13. Qxe2 {[%clk
1:23:29]} e5 {[%clk 1:24:05]} 14. dxe5 {[%clk 1:22:29]} Nxe5 {[%clk 1:23:48]} 15.
Ndf3 {[%clk 1:19:17]} Rfe8 {[%clk 1:17:16]} 16. Nxe5 {[%clk 1:18:53]} Bxe5 {[%clk
1:16:42]} 17. Nf3 {[%clk 1:18:30]} Bf4 {[%clk 1:13:53]} 18. Bxf4 {[%clk 1:17:57]}
Qxf4 {[%clk 1:13:45]} 19. Qc2 {[%clk 1:13:29]} Re7 {[%clk 1:10:46]} 20. Rad1
{[%clk 1:10:11]} Rae8 {[%clk 1:04:37]} 21. Rd2 {[%clk 1:09:23]} Qc4 {[%clk
1:02:49]} 22. a3 {[%clk 1:03:57]} Re2 {[%clk 0:58:52]} 23. Rfd1 {[%clk 0:59:09]}
g6 {[%clk 0:57:52]} 24. Rxe2 {[%clk 0:53:12]} Rxe2 {[%clk 0:56:24]} 25. Rd2
{[%clk 0:53:01]} Rxd2 {[%clk 0:54:57]} 26. Qxd2 {[%clk 0:53:01]} Ne4 {[%clk
0:06:55]} 27. Qc2 {[%clk 0:45:52]} a6 {[%clk 0:52:16]} 28. Nd4 {[%clk 0:45:05]}
Qa2 {[%clk 0:44:31]} 29. f3 {[%clk 0:45:05]} Qa1+ {[%clk 0:44:31]} 30. Kh2 {[%clk
0:45:05]} Nc5 {[%clk 0:44:31]} 31. Qe2 {[%clk 0:45:05]} Qc1 {[%clk 0:30:49]} 32.
h4 {[%clk 0:21:27]} h5 {[%clk 0:29:16]} 33. Qe8+ {[%clk 0:16:01]} Kg7 {[%clk
0:28:56]} 34. Qe7 {[%clk 0:15:32]} Qf4+ {[%clk 0:19:23]} 35. Kh3 {[%clk 0:14:22]}
g5 {[%clk 0:18:01]} 36. hxg5 {[%clk 0:09:29]} h4 {[%clk 0:15:30]} 37. Ne2 {[%clk
0:09:03]} Qf5+ {[%clk 0:14:21]} 38. Kxh4 {[%clk 0:08:48]} Ne6 {[%clk 0:12:50]}
39. Kg3 {[%clk 0:05:00]} Qe5+ {[%clk 0:08:49]} 40. Kf2 {[%clk 0:04:19]} Qf5
{[%clk 0:05:10]} 41. Nd4 {[%clk 0:01:04]} 1-0

[Event "US Amateur Team West Championship"]
[Site "chess24.com"]
[Date "2020.02.17"]
[Round "5"]
[White "Hollinberger, Drew"]
[Black "Lemkin, Ben"]
[Result "1-0"]
[Board "4"]
[WhiteFideId "2031760"]
[WhiteElo "1955"]
[WhiteCountry "USA"]
[WhiteEloChange "2"]
[BlackFideId "30965098"]
[BlackElo "1524"]
[BlackCountry "USA"]
[BlackEloChange "-2"]

1. d4 {[%clk 1:50:13]} d5 {[%clk 1:59:59]} 2. Nf3 {[%clk 1:49:46]} Nf6 {[%clk
1:59:27]} 3. c4 {[%clk 1:49:32]} e6 {[%clk 1:59:10]} 4. Nc3 {[%clk 1:49:24]} c5
{[%clk 1:58:38]} 5. cxd5 {[%clk 1:47:32]} cxd4 {[%clk 1:56:53]} 6. Qa4+ {[%clk
1:42:03]} Nbd7 {[%clk 1:43:56]} 7. Qxd4 {[%clk 1:29:20]} Bc5 {[%clk 1:30:10]} 8.
Qc4 {[%clk 1:27:15]} Qc7 {[%clk 1:25:41]} 9. Be3 {[%clk 1:18:45]} exd5 {[%clk
1:16:19]} 10. Nxd5 {[%clk 1:17:51]} Nxd5 {[%clk 1:14:32]} 11. Qxd5 {[%clk
1:17:07]} Qa5+ {[%clk 1:06:36]} 12. Nd2 {[%clk 1:13:00]} Qb6 {[%clk 0:54:40]} 13.
Nc4 {[%clk 1:04:42]} Qe6 {[%clk 0:45:43]} 14. Qxe6+ {[%clk 1:03:50]} fxe6 {[%clk
0:45:33]} 15. Bxc5 {[%clk 0:56:20]} Nxc5 {[%clk 0:45:28]} 16. f3 {[%clk 0:55:31]}
O-O {[%clk 0:42:02]} 17. e4 {[%clk 0:54:15]} a5 {[%clk 0:39:47]} 18. Nb6 {[%clk
0:43:04]} Rb8 {[%clk 0:38:57]} 19. Rc1 {[%clk 0:42:43]} Nd7 {[%clk 0:37:03]} 20.
Nc4 {[%clk 0:38:31]} b6 {[%clk 0:35:31]} 21. Nd6 {[%clk 0:36:23]} Nc5 {[%clk
0:33:45]} 22. Bb5 {[%clk 0:33:48]} Ba6 {[%clk 0:30:32]} 23. O-O {[%clk 0:26:32]}
Bxb5 {[%clk 0:29:07]} 24. Nxb5 {[%clk 0:26:29]} Nd3 {[%clk 0:28:51]} 25. Rc6
{[%clk 0:23:41]} Rfe8 {[%clk 0:27:27]} 26. Nd6 {[%clk 0:19:10]} Re7 {[%clk
0:25:57]} 27. Nc8 {[%clk 0:18:53]} Reb7 {[%clk 0:25:10]} 28. Rd1 {[%clk 0:14:06]}
Nxb2 {[%clk 0:23:08]} 29. Rd8+ {[%clk 0:13:37]} Kf7 {[%clk 0:22:42]} 30. Nd6+
{[%clk 0:13:17]} Kf6 {[%clk 0:21:40]} 31. Nxb7 {[%clk 0:12:42]} Rxb7 {[%clk
0:21:37]} 32. Re8 {[%clk 0:12:11]} b5 {[%clk 0:20:19]} 33. Rexe6+ {[%clk
0:08:53]} Kf7 {[%clk 0:20:04]} 34. Red6 {[%clk 0:08:22]} Nc4 {[%clk 0:19:12]} 35.
Rd5 {[%clk 0:08:11]} Ne3 {[%clk 0:18:16]} 36. Rdc5 {[%clk 0:05:34]} Rb8 {[%clk
0:17:20]} 37. Rc7+ {[%clk 0:04:19]} Kf6 {[%clk 0:16:24]} 38. f4 {[%clk 0:03:52]}
Re8 {[%clk 0:14:41]} 39. Kf2 {[%clk 0:02:56]} Rxe4 {[%clk 0:13:58]} 40. R5c6+
{[%clk 0:02:35]} Kf5 {[%clk 0:13:13]} 41. Kf3 {[%clk 0:00:38]} Nd5 {[%clk
0:12:04]} 42. g4# {[%clk 0:25:33]} 1-0

[Event "US Amateur Team West Championship"]
[Site "chess24.com"]
[Date "2020.02.17"]
[Round "5"]
[White "Kiewra, Keaton"]
[Black "Sevillano, Enrico"]
[Result "1/2-1/2"]
[Board "1"]
[WhiteFideId "2019280"]
[WhiteTitle "IM"]
[WhiteElo "2371"]
[WhiteCountry "USA"]
[WhiteEloChange "2"]
[BlackFideId "5200156"]
[BlackTitle "GM"]
[BlackElo "2447"]
[BlackCountry "USA"]
[BlackEloChange "-1"]

1. d4 {[%clk 1:55:19]} d5 {[%clk 1:59:22]} 2. c4 {[%clk 1:55:16]} e6 {[%clk
1:59:20]} 3. g3 {[%clk 1:53:50]} dxc4 {[%clk 1:54:34]} 4. Bg2 {[%clk 1:50:34]} c5
{[%clk 1:42:25]} 5. Qa4+ {[%clk 1:46:42]} Bd7 {[%clk 1:41:51]} 6. Qxc4 {[%clk
1:46:26]} Bc6 {[%clk 1:41:51]} 7. Nf3 {[%clk 1:41:12]} cxd4 {[%clk 1:37:50]} 8.
O-O {[%clk 1:39:36]} Nf6 {[%clk 1:36:45]} 9. Rd1 {[%clk 1:37:26]} Be7 {[%clk
1:36:08]} 10. Nc3 {[%clk 1:34:23]} O-O {[%clk 1:34:33]} 11. Nxd4 {[%clk 1:26:18]}
Bxg2 {[%clk 1:34:18]} 12. Kxg2 {[%clk 1:25:16]} Nbd7 {[%clk 1:27:00]} 13. Bg5
{[%clk 1:21:32]} Rc8 {[%clk 1:25:42]} 14. Qa4 {[%clk 1:14:05]} Nc5 {[%clk
1:02:05]} 1/2-1/2